| 000 | 01015nam a22003017a 4500 | ||
|---|---|---|---|
| 001 | 9384 | ||
| 003 | FISKH | ||
| 005 | 20251216162234.0 | ||
| 008 | 251216b cb ||||| |||| 00| 0 eng d | ||
| 020 | _a9781574715699 | ||
| 040 |
_aFISKH _beng _cFISKH _dFISKH |
||
| 050 | _aGT4905.D74 | ||
| 082 | _a394.261 | ||
| 100 |
_aDrew, Rosa _eAuthor |
||
| 245 |
_aCelebrating Chinese new year : _bNick's new year / _cWritten by Rosa Drew and Heather Phillips ; Illustrated by Cheryl Kirk Noll |
||
| 260 |
_aHuntington Beach : _bCreative Teaching Press , _c1999 |
||
| 300 |
_a16 pages : _bcolor illustrations ; _c16 x 23 cm |
||
| 490 |
_aLearn to read, read to learn : _vHoliday |
||
| 505 | _aJ | ||
| 520 | _aNick, a Chinese-American boy, prepares for the Chinese new year with his family. | ||
| 521 | 8 |
_a450
_bLexile estimate |
|
| 521 | 8 |
_aJ
_bRaz-Plus |
|
| 650 |
_aHolidays _vSeasonal |
||
| 650 |
_aTraditions _vChinese |
||
| 700 |
_aNoll, Cheryl Kirk _eIllustrator |
||
| 942 |
_2ddc _cBK _n0 |
||
| 999 |
_c9384 _d9384 |
||